000 00573nam a2200193Ia 4500
005 20250508164820.0
008 008 250505s9999 xx 000 0 eng d
037 _aDissertations
040 _aFEDL
_beng
_cFEDL
041 _aeng
_2eng
084 _a370.1, MEH/DI
_qFEDL
100 _aMehta Neelam
_9526185
245 0 _aExperience as a major premise in education: A philosophical investigation
260 _c1989
300 _a126p.
546 _aM. Phil Dissertation (Delhi University)
942 _cDIS
_h370.1, MEH/DI
999 _c1391365
_d1391365